000 00638nam a22002177a 4500
005 20170707133030.0
008 170707b sp ||||| |||| 00| 0 spa d
020 _a9788475068541
050 0 4 _aML410.S196
_bD38 2008
100 1 _aDavis, Mary E.
245 1 0 _aErik Satie /
_cDavis, Mary E., ; tr. Daniel Sarasola
250 _a1a ed.
260 _aMadrid :
_bTurner,
_c2008.
300 _a180 p. :
_bil.;
_c21 cm.
490 0 _aTurner música.
504 _aIncluye índice
600 1 4 _aSatie, Erik,
_d1866-1925.
_xBiografía
650 4 _aCompositores franceses
700 1 _aSarasola, Daniel
_etr.
942 _2lcc
_cLIB
999 _c135546
_d135546